Online
Catalog

1er seminario juegos ilegales en dominicana. / (Record no. 23791)

MARC details
000 -CABECERA
campo de control de longitud fija 00681nam a2200181 a 4500
001 - NÚMERO DE CONTROL
campo de control 000024298
005 - FECHA Y HORA DE LA ÚLTIMA TRANSACCIÓN
campo de control 20220307131056.0
008 - DATOS DE LONGITUD FIJA--INFORMACIÓN GENERAL
campo de control de longitud fija 110126s1983 dr a 000 0 spa d
040 ## - FUENTE DE LA CATALOGACIÓN
Centro catalogador/agencia de origen DO-SdBNP
Lengua de catalogación spa
Centro/agencia transcriptor BNPHU
082 ## - NÚMERO DE LA CLASIFICACIÓN DECIMAL DEWEY
Número de clasificación xxx
049 ## - FONDOS LOCALES (OCLC)
Fondos de biblioteca BNGR
110 ## - ENTRADA PRINCIPAL--NOMBRE DE ENTIDAD CORPORATIVA
Nombre de entidad corporativa o nombre de jurisdicción como elemento de entrada Departamento de bienestar social de la loteria nacional.
9 (RLIN) 49869
245 #0 - MENCIÓN DE TÍTULO
Título 1er seminario juegos ilegales en dominicana. /
Mención de responsabilidad, etc. cordinación Dagoberto Tejeda Ortiz; presentación Fulgencio Espinal.
260 ## - PUBLICACIÓN, DISTRIBUCIÓN, ETC.
Lugar de publicación, distribución, etc. Santo Domingo :
Nombre del editor, distribuidor, etc. Alfa & Omega,
Fecha de publicación, distribución, etc. 1983.
300 ## - DESCRIPCIÓN FÍSICA
Extensión 238 p. :
Otras características físicas il. , gráf. ;
Dimensiones 22 cm.
700 1# - PUNTO DE ACCESO ADICIONAL--NOMBRE DE PERSONA
Nombre de persona Tejeda Ortíz, Dagoberto,
Fechas asociadas al nombre 1940-
Término indicativo de función/relación cordinación
9 (RLIN) 1575
700 1# - PUNTO DE ACCESO ADICIONAL--NOMBRE DE PERSONA
Nombre de persona Espinal, Fulgencio,
Término indicativo de función/relación presentación
9 (RLIN) 8374
Holdings
Estado de retiro Estado de pérdida Restricciones de uso No para préstamo Código de colección Localización permanente Ubicación/localización actual Ubicación en estantería Fecha de adquisición Número de inventario Total de préstamos Signatura topográfica completa Código de barras Fecha visto por última vez Número de copia Precio válido a partir de Tipo de ítem Koha
        Dominicana de Servicio General General Depósito 08.04.2011 LF1   xxx 24298-30 25.06.2020 e. 3 25.06.2020 Libro y Folleto Colección Dominicana de Servicio
      Excluido de préstamo Patrimonio Dominicano Patrimonio Dominicano Patrimonio Dominicano Depósito 26.01.2011 LF1   xxx 24298-10 25.06.2020   25.06.2020 Libro y Folleto Colección Patrimonio Dominicano
      Excluido de préstamo Patrimonio Dominicano Patrimonio Dominicano Patrimonio Dominicano Depósito 31.03.2011 LF1   xxx 24298-20 25.06.2020 e. 2 25.06.2020 Libro y Folleto Colección Patrimonio Dominicano

Powered by Koha